[Event "4NCL 2012-13"]
[Site "Sunningdale ENG"]
[Date "2012.11.03"]
[Round "1.111"]
[White "Howell, David W L"]
[Black "Holland, James P"]
[Result "1-0"]
[WhiteTitle "GM"]
[WhiteElo "2634"]
[BlackElo "2245"]
[WhiteTeam "Wood Green, Hilsmark Kingfisher"]
[BlackTeam "BCM"]
[WhiteFideId "410608"]
[BlackFideId "416835"]
[EventDate "2012.11.03"]

1. e4 c5 2. Nf3 d6 3. d4 cxd4 4. Nxd4 Nf6 5. Nc3 g6 6. g3 Nc6 7. Nb3 Bg7 8. h3
Be6 9. Bg2 Bc4 10. Be3 O-O 11. Qd2 a5 12. Nd4 Nxd4 13. Bxd4 a4 14. O-O-O Qa5 15.
a3 Rfc8 16. Qe3 b5 17. e5 dxe5 18. Bxe5 Ra7 19. Rd2 e6 20. Rhd1 Re7 21. Qf4 Nh5
22. Qh4 Bxe5 23. Qxe7 Bf6 24. Qb7 Rf8 25. Ne4 Be5 26. Rd7 Bd5 27. R7xd5 exd5 28.
Qxd5 Qc7 29. Qc5 Qb8 30. Bf1 Rc8 31. Qxb5 Qc7 32. c3 f5 33. Rd7 Qb8 34. Rb7 Bf4+
35. gxf4 Qxf4+ 36. Nd2 Qxf2 37. Qd5+ Kh8 38. Qe5+ 1-0

[Event "4NCL 2012-13"]
[Site "Sunningdale ENG"]
[Date "2012.11.03"]
[Round "1.112"]
[White "Webb, Richard M"]
[Black "Rowson, Jonathan"]
[Result "1/2-1/2"]
[WhiteTitle "FM"]
[BlackTitle "GM"]
[WhiteElo "2266"]
[BlackElo "2586"]
[WhiteTeam "BCM"]
[BlackTeam "Wood Green, Hilsmark Kingfisher"]
[WhiteFideId "404829"]
[BlackFideId "2400561"]
[EventDate "2012.11.03"]

1. e4 c5 2. f4 d5 3. exd5 Qxd5 4. Nc3 Qd8 5. Nf3 g6 6. d4 Bg7 7. Be3 Nh6 8. dxc5
Bxc3+ 9. bxc3 Qc7 10. Bb5+ Bd7 11. Qe2 O-O 12. O-O Nf5 13. Rab1 Bxb5 14. Rxb5 a6
15. Rb4 Nc6 16. Re4 e6 17. Bd4 Rad8 18. Qf2 Rd5 19. Bf6 Nb8 20. g4 Nd7 21. Be5
Nxe5 22. Rxe5 Ne7 23. c4 Rxe5 24. Nxe5 f6 25. Nd3 Nc6 26. Re1 e5 27. Qf3 Rd8 28.
fxe5 fxe5 29. Rf1 Qe7 30. Re1 Qe6 31. Re4 Rf8 32. Qg2 Qf6 33. c3 Qg5 34. h3 Rd8
35. Qe2 Rd7 36. Kg2 Kg7 37. Re3 Qd8 38. Nf4 e4 39. h4 Qc7 40. Kg3 h6 41. g5 hxg5
42. hxg5 Qe5 43. Rxe4 Qxg5+ 44. Qg4 Qxg4+ 45. Kxg4 Rd2 46. Re6 Kf7 47. Rd6 Ne5+
48. Kg5 Nf3+ 49. Kg4 Ne5+ 50. Kg5 Rxd6 51. cxd6 Nxc4 52. d7 Ke7 53. Kxg6 Nd6 54.
d8=Q+ Kxd8 55. Kf6 Ne4+ 56. Ke5 Nxc3 57. Kd4 Na4 58. Kc4 Kc7 59. Nd5+ Kd6 60.
Ne3 Nb6+ 61. Kb3 Kc5 62. a3 Nd5 63. Nc4 b5 64. Ne5 Nb6 65. Nd3+ Kc6 66. Kb4 Kb7
67. Nc5+ 1/2-1/2

[Event "4NCL 2012-13"]
[Site "Sunningdale ENG"]
[Date "2012.11.03"]
[Round "1.113"]
[White "Pert, Nicholas"]
[Black "Coates, Kenneth G"]
[Result "1/2-1/2"]
[WhiteTitle "GM"]
[WhiteElo "2557"]
[BlackElo "2184"]
[WhiteTeam "Wood Green, Hilsmark Kingfisher"]
[BlackTeam "BCM"]
[WhiteFideId "403989"]
[BlackFideId "409391"]
[EventDate "2012.11.03"]

1. d4 d5 2. Nf3 Nf6 3. c4 c6 4. e3 e6 5. Nbd2 Nbd7 6. Bd3 Bd6 7. O-O O-O 8. e4
dxe4 9. Nxe4 Nxe4 10. Bxe4 Nf6 11. Bc2 Bd7 12. Bg5 Rc8 13. Qd3 g6 14. Rfe1 Be7
15. Ne5 Ng4 16. Bxe7 Nxe5 17. Qa3 Nxc4 18. Qb4 a5 19. Qc5 b6 20. Qg5 f6 21. Bxd8
fxg5 22. Bxg5 Nxb2 23. Bh6 Rfe8 24. Rab1 Nc4 25. Bd3 b5 26. Bxc4 bxc4 27. Rb7
Re7 28. h3 Rf7 29. Re5 a4 30. a3 Be8 31. Rb4 Rf5 32. Re1 c5 33. Rxc4 Bb5 34.
Rxc5 Rfxc5 35. dxc5 Rxc5 36. Rxe6 Kf7 37. Rb6 Bc6 38. Ra6 Rc3 39. Ra7+ Ke6 40.
Rc7 Kd5 41. Bf8 h5 42. Bb4 Rc1+ 43. Kh2 Rc2 44. f3 Ke6 45. h4 Kf6 46. Kg3 Rc4
47. Bd2 Bd5 48. Ra7 Bf7 49. Bg5+ Kg7 50. Bd8 Kg8 51. Bf6 Be8 52. Be5 Rc2 53. Re7
Bf7 54. Rb7 Be8 55. Bf6 Re2 56. Bd4 Rc2 57. Be5 Re2 58. Bf4 Rc2 59. Bh6 Re2 60.
Ra7 Rc2 61. Rg7+ Kh8 62. Re7 Bb5 63. Be3 Kg8 64. Bd4 Bf1 65. Bf2 Ra2 66. Re1 Bd3
67. Bc5 Re2 68. Rd1 Bc2 69. Rd7 Bb3 70. Bd4 Bf7 71. Kf4 Be8 72. Rd8 Kf7 73. g3
Rd2 74. Rd6 Rd3 75. Rf6+ Ke7 76. Ke5 Rxd4 77. Re6+ Kd7 78. Rxe8 Rd3 79. Ra8 Rxf3
80. Rxa4 Rxg3 81. Rd4+ Ke7 82. a4 g5 83. Kf5 gxh4 84. Rxh4 Ra3 85. Ke5 Kd7 86.
Kd5 Kc7 87. Kc5 Ra1 88. Kb5 Rb1+ 89. Ka5 Kb7 90. Rxh5 Ka7 91. Rh6 Rb2 92. Rh7+
Rb7 93. Rxb7+ Kxb7 1/2-1/2

[Event "4NCL 2012-13"]
[Site "Sunningdale ENG"]
[Date "2012.11.03"]
[Round "1.115"]
[White "Lalic, Bogdan"]
[Black "Richardson, Keith B"]
[Result "1-0"]
[WhiteTitle "GM"]
[WhiteElo "2499"]
[BlackElo "2115"]
[WhiteTeam "Wood Green, Hilsmark Kingfisher"]
[BlackTeam "BCM"]
[WhiteFideId "409081"]
[BlackFideId "410152"]
[EventDate "2012.11.03"]

1. d4 Nf6 2. c4 g6 3. Nc3 Bg7 4. e4 d6 5. Nf3 O-O 6. h3 c6 7. Bg5 a6 8. Bd3 b5
9. O-O Nbd7 10. e5 dxe5 11. dxe5 Nc5 12. Bc2 Nfd7 13. Qe2 Nb6 14. Be3 Ne6 15.
Be4 Bb7 16. cxb5 axb5 17. Nxb5 Nd5 18. Bxd5 cxd5 19. Rfd1 Ba6 20. a4 Qd7 21. Qd2
Bxb5 22. axb5 Qxb5 23. Rxa8 Rxa8 24. Qxd5 Rb8 25. Qd7 Qxd7 26. Rxd7 Rxb2 27.
Rxe7 Rb8 28. g4 Kf8 29. Ra7 Rc8 30. Kg2 Rc7 31. Ra5 Ke7 32. Nd2 Nf8 33. Bc5+ Ke6
34. Bd6 Rb7 35. Ne4 h6 36. Nc5+ 1-0

[Event "4NCL 2012-13"]
[Site "Sunningdale ENG"]
[Date "2012.11.03"]
[Round "1.116"]
[White "Wadsworth, Matthew J"]
[Black "Ward, Chris G"]
[Result "0-1"]
[BlackTitle "GM"]
[WhiteElo "2055"]
[BlackElo "2432"]
[WhiteTeam "BCM"]
[BlackTeam "Wood Green, Hilsmark Kingfisher"]
[WhiteFideId "415804"]
[BlackFideId "400203"]
[EventDate "2012.11.03"]

1. e4 c5 2. Nc3 Nc6 3. Bb5 Nd4 4. Bc4 e6 5. Nf3 Nf6 6. d3 a6 7. Nxd4 cxd4 8. Ne2
b5 9. Bb3 Qb6 10. O-O Bb7 11. c3 dxc3 12. bxc3 Be7 13. Be3 Qc7 14. f3 d5 15. a4
O-O 16. Qc2 Rac8 17. Rfc1 dxe4 18. dxe4 Bc5 19. Bxc5 Qxc5+ 20. Kh1 Qe3 21. axb5
axb5 22. Ng3 b4 23. c4 Nd7 24. Nf1 Qc5 25. Qd2 Ne5 26. Qe3 Rfd8 27. Qxc5 Rxc5
28. Ne3 g5 29. Rd1 Rxd1+ 30. Rxd1 Kg7 31. Kg1 Nc6 32. Kf2 Na5 33. Rb1 Ba6 34.
Ke2 Nxb3 35. Rxb3 Rxc4 36. Ke1 Rc3 37. Rxc3 bxc3 38. Kd1 Bd3 39. Kc1 h5 40. Nd1
Bf1 41. g3 Bg2 42. Nxc3 Bxf3 43. Kd2 Kf6 44. Ke3 Bg4 45. Nb1 Ke5 46. Nd2 Kd6 47.
Nc4+ Ke7 48. h4 Kf6 49. Kd4 Bd1 50. e5+ Kg6 51. Nd6 Ba4 52. Ke4 Bc6+ 53. Ke3 f5
54. Kf2 f4 55. gxf4 gxf4 56. Ke2 Kg7 57. Kf2 Kf8 58. Ke2 Ke7 59. Nc8+ Kd7 60.
Nd6 Bh1 61. Kd3 Kc6 62. Kd4 Bg2 63. Ne4 Bxe4 64. Kxe4 Kc5 65. Kxf4 Kd4 66. Kg5
Kxe5 67. Kxh5 Kf5 68. Kh6 e5 69. Kg7 e4 70. h5 e3 71. h6 e2 72. h7 e1=Q 73. h8=Q
Qe7+ 74. Kg8 Kg6 0-1

[Event "4NCL 2012-13"]
[Site "Sunningdale ENG"]
[Date "2012.11.03"]
[Round "1.118"]
[White "Yurenok, Maria S"]
[Black "Arakhamia-Grant, Ketevan"]
[Result "0-1"]
[WhiteTitle "WFM"]
[BlackTitle "GM"]
[WhiteElo "2041"]
[BlackElo "2414"]
[WhiteTeam "BCM"]
[BlackTeam "Wood Green, Hilsmark Kingfisher"]
[WhiteFideId "409359"]
[BlackFideId "13600168"]
[EventDate "2012.11.03"]

1. d4 Nf6 2. c4 c5 3. d5 e5 4. Nc3 d6 5. e4 Nbd7 6. Nf3 Be7 7. h3 a6 8. a4 Nf8
9. Be3 h5 10. Bd3 h4 11. Qd2 Ng6 12. Ne2 Bd7 13. b4 b5 14. bxc5 dxc5 15. Bc2 Bd6
16. Bg5 b4 17. Nh2 Rh5 18. Ng4 Nxe4 19. Bxd8 Nxd2 20. Kxd2 Kxd8 21. Bxg6 fxg6
22. f3 Rg5 23. Rhf1 Kc7 24. a5 Re8 25. Rae1 e4 26. f4 Rf5 27. Ne3 Rf7 28. Rf2 g5
29. f5 g6 30. f6 Be5 31. Ref1 Ref8 32. Ng4 Bxg4 33. hxg4 Rxf6 34. Rxf6 Rxf6 35.
Rb1 Rf2 36. Ke3 Rxg2 37. Re1 0-1

[Event "4NCL 2012-13"]
[Site "Sunningdale ENG"]
[Date "2012.11.03"]
[Round "1.121"]
[White "Zhou, Yang-Fan"]
[Black "Slavin, Alexey"]
[Result "1-0"]
[WhiteTitle "IM"]
[BlackTitle "IM"]
[WhiteElo "2418"]
[BlackElo "2397"]
[WhiteTeam "Guildford"]
[BlackTeam "e2e4.org.uk"]
[WhiteFideId "468584"]
[BlackFideId "24104388"]
[EventDate "2012.11.03"]

1. e4 c5 2. Nf3 g6 3. d4 cxd4 4. Nxd4 Nc6 5. c4 Nf6 6. Nc3 d6 7. Nc2 Bg7 8. Be2
O-O 9. O-O b6 10. Bg5 Bb7 11. Qd2 Ne5 12. f3 Qc7 13. b3 Rfc8 14. Rac1 Ned7 15.
Ne3 Qc5 16. Nd5 Nxd5 17. exd5 Qd4 18. Rcd1 Qxd2 19. Rxd2 Bc3 20. Rdd1 Bf6 21.
Bxf6 Nxf6 22. Rf2 a6 23. Bf1 Rc7 24. Rfd2 Bc8 25. Nc2 b5 26. cxb5 axb5 27. Nb4
Rc5 28. g3 Bb7 29. Kf2 Kf8 30. h3 Ne8 31. Rd4 Nc7 32. f4 Ra3 33. R1d2 Ke8 34.
Be2 Kd8 35. h4 Na6 36. Nxa6 Bxa6 37. Rb4 Rc1 38. Bxb5 Bxb5 39. Rxb5 Ra1 40. Rb8+
Kd7 41. Rb7+ Kd8 42. Ke3 R3xa2 43. Rb8+ Kc7 44. Rxa2 Rxa2 45. Rh8 h5 46. Rh7 Rb2
47. Rxf7 Rxb3+ 48. Kf2 Rb2+ 49. Kf3 Rb3+ 50. Kg2 Rb2+ 51. Kh3 Kd7 52. f5 gxf5
53. Rxf5 Ke8 54. Rxh5 Kf7 55. Kg4 Rb4+ 56. Kf5 Rd4 57. Rh7+ Ke8 58. g4 Rxd5+ 59.
Kg6 Rd1 60. h5 d5 61. h6 d4 62. Rh8+ Kd7 63. h7 d3 64. Ra8 Rh1 65. h8=Q Rxh8 66.
Rxh8 d2 67. Rh1 1-0

[Event "4NCL 2012-13"]
[Site "Sunningdale ENG"]
[Date "2012.11.03"]
[Round "1.122"]
[White "Panjwani, Raja"]
[Black "Kosten, Anthony C."]
[Result "1/2-1/2"]
[WhiteTitle "IM"]
[BlackTitle "GM"]
[WhiteElo "2402"]
[BlackElo "2479"]
[WhiteTeam "e2e4.org.uk"]
[BlackTeam "Guildford"]
[WhiteFideId "2604493"]
[BlackFideId "400114"]
[EventDate "2012.11.03"]

1. c4 c5 2. Nc3 Nc6 3. g3 g6 4. Bg2 Bg7 5. e3 e6 6. Nge2 Nge7 7. Nf4 a6 8. b3 b5
9. Bb2 O-O 10. Rb1 Rb8 11. d3 d6 12. O-O Bd7 13. Qd2 e5 14. Nfd5 b4 15. Ne2 Nxd5
16. cxd5 Na5 17. Rbc1 Re8 18. f4 Qe7 19. e4 f5 20. Kh1 Nb7 21. Ng1 Nd8 22. Rce1
Nf7 23. exf5 Bxf5 24. d4 cxd4 25. Bxd4 Rec8 26. Ba1 Rc2 27. Qd1 Rxa2 28. fxe5
dxe5 29. g4 Bd7 30. d6 Nxd6 31. Bxe5 Bxe5 32. Qd5+ Qe6 33. Rxe5 Qxd5 34. Bxd5+
Kh8 35. Rf6 Re8 36. Rxe8+ Nxe8 37. Rf8+ Kg7 38. Rf7+ Kh6 39. Rxd7 Nf6 40. g5+
Kxg5 41. Rd8 Ng4 42. Nf3+ Kf4 43. Rf8+ Ke3 44. Re8+ Kf2 45. Ng1 Ne3 46. Rf8+ Nf5
47. Re8 Ne3 48. Rf8+ 1/2-1/2

[Event "4NCL 2012-13"]
[Site "Sunningdale ENG"]
[Date "2012.11.03"]
[Round "1.123"]
[White "Buckley, Graeme N"]
[Black "Sowray, Peter J"]
[Result "0-1"]
[WhiteTitle "IM"]
[BlackTitle "FM"]
[WhiteElo "2352"]
[BlackElo "2362"]
[WhiteTeam "Guildford"]
[BlackTeam "e2e4.org.uk"]
[WhiteFideId "402265"]
[BlackFideId "400971"]
[EventDate "2012.11.03"]

1. d4 Nf6 2. Nf3 g6 3. c4 Bg7 4. Nc3 d5 5. cxd5 Nxd5 6. Bd2 O-O 7. e4 Nxc3 8.
Bxc3 Bg4 9. Qd2 Bxf3 10. gxf3 Nc6 11. d5 Ne5 12. O-O-O c5 13. Be2 Qc7 14. h4 b5
15. Qc2 Rab8 16. Kb1 b4 17. Bd4 Rfc8 18. Rc1 Qa5 19. f4 Nf3 20. Bxf3 Bxd4 21.
Qd3 Bxb2 22. Rc4 Bc3 23. e5 Qa3 0-1

[Event "4NCL 2012-13"]
[Site "Sunningdale ENG"]
[Date "2012.11.03"]
[Round "1.124"]
[White "Jackson, James P"]
[Black "Wall, Gavin"]
[Result "1/2-1/2"]
[BlackTitle "IM"]
[WhiteElo "2221"]
[BlackElo "2340"]
[WhiteTeam "e2e4.org.uk"]
[BlackTeam "Guildford"]
[WhiteFideId "416860"]
[BlackFideId "2501244"]
[EventDate "2012.11.03"]

1. e4 e5 2. Nf3 d6 3. d4 exd4 4. Nxd4 Nf6 5. Nc3 Be7 6. g3 O-O 7. Bg2 Re8 8. O-O
c6 9. h3 Bf8 10. Nde2 b5 11. a3 Bb7 12. e5 dxe5 13. Qxd8 Rxd8 14. Nxb5 Nbd7 15.
Rd1 Nc5 16. Rxd8 Rxd8 17. Nbc3 Ne6 18. Be3 Nd4 19. Bxd4 exd4 20. Rd1 c5 21. Bxb7
Rb8 22. Nd5 Rxb7 23. Nxf6+ gxf6 24. b3 Kg7 25. Kg2 f5 26. a4 Kf6 27. Nf4 Bd6 28.
Nd3 Re7 29. Kf3 h5 30. h4 Rc7 31. Nf4 Bxf4 32. Kxf4 Re7 33. Rd2 Re4+ 34. Kf3 Ke5 1/2-1/2

[Event "4NCL 2012-13"]
[Site "Sunningdale ENG"]
[Date "2012.11.03"]
[Round "1.125"]
[White "Osborne, Marcus E"]
[Black "Willmoth, Robert F"]
[Result "1/2-1/2"]
[WhiteElo "2280"]
[BlackElo "2164"]
[WhiteTeam "Guildford"]
[BlackTeam "e2e4.org.uk"]
[WhiteFideId "404608"]
[BlackFideId "402540"]
[EventDate "2012.11.03"]

1. d4 d5 2. Nf3 Nf6 3. c4 e6 4. Nc3 Be7 5. Bg5 O-O 6. e3 h6 7. Bh4 b6 8. Be2 Bb7
9. Bxf6 Bxf6 10. cxd5 exd5 11. b4 c6 12. O-O Re8 13. Qb3 Qd6 14. Rfe1 g6 15.
Rad1 Nd7 16. Bf1 a5 17. b5 c5 18. Ne2 Rad8 19. Nf4 cxd4 20. Nxd4 Nc5 21. Qb1 Be5
22. g3 Ne4 23. Qd3 Qf6 24. Re2 Rc8 25. Rc2 Rxc2 26. Qxc2 Rc8 27. Nxd5 Qxf2+ 28.
Qxf2 Nxf2 29. Ne7+ Kf8 30. Nxc8 Nxd1 31. Nxb6 Bd6 32. Nc4 Bc5 33. Nxa5 Bd5 34.
Nab3 Bxb3 35. Nxb3 Bxe3+ 36. Kg2 Nc3 37. Kf3 Bb6 38. Nc1 Ke7 39. Bc4 f5 40. Nd3
g5 41. Ne5 h5 42. h4 Bc7 43. Nc6+ Kf6 44. hxg5+ Kxg5 45. Nd4 Bb6 46. Ne6+ Kf6
47. Nf8 Ke7 48. Ng6+ Kf6 49. Nf8 Ke7 50. Ng6+ Kf6 51. Nf4 Kg5 52. Ne2 Nxe2 53.
Bxe2 Kf6 54. Kg2 Kg5 55. Kf3 Kf6 56. Bc4 Bd8 57. Ke3 Ke5 58. a4 Kd6 59. Kf4 h4
60. gxh4 Bxh4 61. a5 Bd8 62. b6 Bxb6 63. axb6 Kc6 64. Kxf5 Kxb6 1/2-1/2

[Event "4NCL 2012-13"]
[Site "Sunningdale ENG"]
[Date "2012.11.03"]
[Round "1.126"]
[White "Byron, Alan M"]
[Black "Sharpe, Ian W"]
[Result "1-0"]
[WhiteElo "2167"]
[BlackElo "2244"]
[WhiteTeam "e2e4.org.uk"]
[BlackTeam "Guildford"]
[WhiteFideId "401773"]
[BlackFideId "411973"]
[EventDate "2012.11.03"]

1. e4 e6 2. d4 d5 3. e5 c5 4. c3 Qb6 5. a3 Bd7 6. Nf3 c4 7. Nbd2 Nc6 8. g3 Na5
9. Bg2 O-O-O 10. O-O f5 11. exf6 gxf6 12. Re1 Nh6 13. Qe2 Bg7 14. Rb1 Rhe8 15.
Nf1 Nf7 16. Ne3 Kb8 17. Qc2 Rh8 18. Nh4 Nd6 19. Nf1 Rde8 20. Bf3 Nb3 21. Bh5 Re7
22. Bf4 Kc8 23. Ne3 Bf8 24. Re2 Kd8 25. Rbe1 Qc6 26. Ng4 Bg7 27. Bxd6 Qxd6 28.
Nf5 Qc6 29. Nxe7 Kxe7 30. f4 Kd8 31. Ne3 Na5 32. f5 e5 33. Bf7 Bh6 34. Nxd5 Rf8
35. Nb4 Qb6 36. Be6 exd4 37. cxd4 Qxd4+ 38. Kg2 Bxe6 39. Rd1 Bd5+ 40. Nxd5 Qc5
41. b4 1-0

[Event "4NCL 2012-13"]
[Site "Sunningdale ENG"]
[Date "2012.11.03"]
[Round "1.127"]
[White "Granat, Russell G"]
[Black "Josse, Mark"]
[Result "1/2-1/2"]
[WhiteElo "2218"]
[BlackElo "2147"]
[WhiteTeam "Guildford"]
[BlackTeam "e2e4.org.uk"]
[WhiteFideId "401714"]
[BlackFideId "414476"]
[EventDate "2012.11.03"]

1. e4 c5 2. Nc3 e6 3. Nf3 a6 4. d4 cxd4 5. Nxd4 b5 6. Bd3 Qb6 7. Be3 Bc5 8. Nce2
Nf6 9. c3 Ng4 10. b4 Nxe3 11. fxe3 Bd6 12. O-O Nc6 13. Nxc6 dxc6 14. Nd4 g6 15.
Qf3 O-O 16. Qf6 Qc7 17. Nf3 Be7 18. Qf4 Qxf4 19. exf4 c5 20. a4 cxb4 21. cxb4
Bb7 22. Rfc1 Rac8 23. axb5 axb5 24. Rxc8 Rxc8 25. Ra7 Rc7 26. Ra5 Bxb4 27. Rxb5
Bc5+ 28. Kf1 Be3 29. g3 Kg7 30. Ke2 Bc5 31. Rb3 Be7 32. g4 Bc8 33. g5 h6 34. h4
hxg5 35. hxg5 Bd6 36. e5 Bc5 37. Nh2 Rb7 1/2-1/2

[Event "4NCL 2012-13"]
[Site "Sunningdale ENG"]
[Date "2012.11.03"]
[Round "1.128"]
[White "Norinkeviciute, Rasa"]
[Black "Sarakauskiene, Zivile"]
[Result "1-0"]
[WhiteTitle "WFM"]
[BlackTitle "WIM"]
[WhiteElo "2010"]
[BlackElo "2189"]
[WhiteTeam "e2e4.org.uk"]
[BlackTeam "Guildford"]
[WhiteFideId "12801925"]
[BlackFideId "12800864"]
[EventDate "2012.11.03"]

1. c4 c5 2. Nc3 Nc6 3. g3 e6 4. Bg2 d6 5. Nf3 e5 6. O-O f5 7. d3 Be7 8. a3 Nf6
9. Ne1 O-O 10. Rb1 Be6 11. Nd5 Qd7 12. b4 cxb4 13. Nxe7+ Nxe7 14. axb4 Rac8 15.
Nf3 h6 16. Bb2 b6 17. Ra1 Rc7 18. Qd2 Ng6 19. Ra6 Qe7 20. b5 Nd7 21. Rfa1 Nc5
22. R6a3 Bf7 23. Ne1 f4 24. Nc2 Ne6 25. Nb4 Nd8 26. Bc3 Qd7 27. Qa2 fxg3 28.
hxg3 a5 29. bxa6 Ra7 30. Qb2 Ne7 31. Nc2 Qc7 32. Rb1 Nc8 33. Ne3 Nc6 34. Qb5 Nb8
35. Bd5 Kh8 36. Bg2 Be8 37. Qb2 Rxa6 38. Rxa6 Nxa6 39. Nd5 Qc5 40. e3 Bg6 41.
Bf1 Qc6 42. e4 Nc5 43. Nxb6 Ne7 44. Nd5 Nxd5 45. cxd5 Qd7 46. Qe2 Qf7 47. Qe3
Qc7 48. Bd2 Bh5 49. Bg2 Nd7 50. Rc1 Qb8 51. Ba5 Nc5 52. Bc3 Nd7 53. d4 Nf6 54.
f3 Qb6 55. Re1 Nd7 56. dxe5 Qxe3+ 57. Rxe3 dxe5 58. Bh3 Nb6 59. g4 Bg6 60. Bf1
Re8 61. Bb5 Re7 62. d6 Ra7 63. Bxe5 Ra5 64. Rb3 Bf7 65. Rb1 Ba2 66. Rb2 Be6 67.
Kf2 Kg8 68. Bd4 Rxb5 69. Rxb5 Nd7 70. Kg3 g5 71. f4 gxf4+ 72. Kxf4 Kf7 73. Rh5
Kg6 74. Rh2 Bc4 75. Kf3 Bd3 76. Be3 Ne5+ 77. Kf4 Nd7 78. e5 Bc4 79. Ke4 Be6 80.
Rxh6+ Kf7 81. g5 Nf8 82. Rf6+ Kg7 83. Rxe6 Nxe6 84. Kf5 1-0

[Event "4NCL 2012-13"]
[Site "Sunningdale ENG"]
[Date "2012.11.03"]
[Round "1.131"]
[White "Turner, Matthew J"]
[Black "Moskovic, David M"]
[Result "1-0"]
[WhiteTitle "GM"]
[BlackTitle "FM"]
[WhiteElo "2504"]
[BlackElo "2342"]
[WhiteTeam "Barbican 4NCL"]
[BlackTeam "Cambridge University"]
[WhiteFideId "402893"]
[BlackFideId "404535"]
[EventDate "2012.11.03"]

1. e4 c5 2. c3 Nf6 3. e5 Nd5 4. g3 Nc6 5. Bg2 e6 6. Nf3 d6 7. exd6 Bxd6 8. O-O
O-O 9. d4 cxd4 10. Nxd4 Nxd4 11. Qxd4 Bd7 12. c4 Qb6 13. Qxb6 Nxb6 14. Rd1 Nxc4
15. Bf1 Rac8 16. Nc3 1-0

[Event "4NCL 2012-13"]
[Site "Sunningdale ENG"]
[Date "2012.11.03"]
[Round "1.133"]
[White "Cox, John J"]
[Black "Alfred, Nathan S W"]
[Result "0-1"]
[WhiteTitle "IM"]
[BlackTitle "FM"]
[WhiteElo "2396"]
[BlackElo "2260"]
[WhiteTeam "Barbican 4NCL"]
[BlackTeam "Cambridge University"]
[WhiteFideId "401064"]
[BlackFideId "407739"]
[EventDate "2012.11.03"]

1. c4 Nf6 2. g3 g6 3. Bg2 Bg7 4. Nc3 O-O 5. Nf3 d6 6. O-O Nbd7 7. d3 e5 8. Bd2
Re8 9. Rc1 c6 10. b4 Nf8 11. b5 Bg4 12. bxc6 bxc6 13. h3 Bxf3 14. Bxf3 Qd7 15.
Bg2 Ne6 16. Qa4 Rac8 17. Kh2 h5 18. Rb1 h4 19. Rb2 hxg3+ 20. fxg3 e4 21. Rbb1
Nc5 22. Qc2 e3 23. Bc1 Nh5 24. Rf3 d5 25. g4 Nf4 26. cxd5 Nxg2 27. Kxg2 cxd5 28.
Nd1 Ne6 29. Qb3 Nd4 30. Qa3 Nxf3 31. Kxf3 d4 32. Kg2 Qd5+ 33. Kg1 Qe5 34. Kg2
Rc2 0-1

[Event "4NCL 2012-13"]
[Site "Sunningdale ENG"]
[Date "2012.11.03"]
[Round "1.135"]
[White "Rogers, Jonathan W"]
[Black "Spencer, Carl J"]
[Result "1-0"]
[WhiteTitle "FM"]
[WhiteElo "2328"]
[BlackElo "2205"]
[WhiteTeam "Barbican 4NCL"]
[BlackTeam "Cambridge University"]
[WhiteFideId "402052"]
[BlackFideId "412171"]
[EventDate "2012.11.03"]

1. d4 Nf6 2. Nf3 e6 3. Bg5 c5 4. e3 Nc6 5. c3 Qb6 6. Qb3 Qxb3 7. axb3 h6 8. Bxf6
gxf6 9. Na3 cxd4 10. Nxd4 Nxd4 11. exd4 Rb8 12. d5 a6 13. Nc2 Bc5 14. b4 Be7 15.
g3 f5 16. Bg2 Rg8 17. O-O f4 18. Rfe1 Kf8 19. Bf3 Rg5 20. Rad1 fxg3 21. hxg3 d6
22. c4 b5 23. c5 exd5 24. c6 Be6 25. Ne3 Rc8 26. Nxd5 Bxd5 27. Bxd5 Rc7 28. Re3
f6 29. Ra3 Rg4 30. Rxa6 Rxb4 31. Ra8+ Kg7 32. Rb8 Ra4 33. Rxb5 Raa7 34. Rb7 Bd8
35. b4 Rcxb7 36. cxb7 Bc7 37. Rc1 1-0

[Event "4NCL 2012-13"]
[Site "Sunningdale ENG"]
[Date "2012.11.03"]
[Round "1.136"]
[White "Churm, Rohan M"]
[Black "Ferguson, Mark"]
[Result "0-1"]
[BlackTitle "IM"]
[WhiteElo "2169"]
[BlackElo "2402"]
[WhiteTeam "Cambridge University"]
[BlackTeam "Barbican 4NCL"]
[WhiteFideId "405566"]
[BlackFideId "403547"]
[EventDate "2012.11.03"]

1. e4 e5 2. Nf3 Nc6 3. Bb5 a6 4. Ba4 Nf6 5. O-O Be7 6. Re1 b5 7. Bb3 d6 8. c3
O-O 9. h3 a5 10. d4 a4 11. Bc2 Bd7 12. dxe5 dxe5 13. c4 bxc4 14. Bxa4 Nb4 15.
Bxd7 Qxd7 16. Nc3 Nd3 17. Re2 Bc5 18. Qc2 Nh5 19. Be3 Nhf4 20. Bxf4 Nxf4 21. Rd2
Nxh3+ 22. gxh3 Qxh3 23. Nh2 Ra6 24. Kh1 Rh6 25. f3 Qxf3+ 26. Rg2 Rxh2+ 27. Kxh2
Qh5+ 28. Kg3 f5 29. exf5 Rxf5 30. Qxf5 Qxf5 31. Re2 h5 32. a4 h4+ 0-1

[Event "4NCL 2012-13"]
[Site "Sunningdale ENG"]
[Date "2012.11.03"]
[Round "1.137"]
[White "Knott, Simon J B"]
[Black "Karayiannis, Costas"]
[Result "1/2-1/2"]
[WhiteTitle "IM"]
[WhiteElo "2325"]
[BlackElo "2170"]
[WhiteTeam "Barbican 4NCL"]
[BlackTeam "Cambridge University"]
[WhiteFideId "400645"]
[BlackFideId "405183"]
[EventDate "2012.11.03"]

1. Nf3 Nf6 2. c4 g6 3. Nc3 Bg7 4. e4 d6 5. d4 O-O 6. Be2 e5 7. O-O exd4 8. Nxd4
Re8 9. f3 Nc6 10. Be3 Nh5 11. Qd2 Nf4 12. Rfd1 Bxd4 13. Bxd4 Nxd4 14. Qxd4 Nxe2+
15. Nxe2 Qg5 16. Nc3 Be6 17. Rac1 a6 18. b3 Rad8 19. Qd2 Qxd2 20. Rxd2 Kg7 21.
Nd5 Bxd5 22. cxd5 Rd7 23. Rdc2 Ree7 24. Kf2 a5 25. Ke3 f5 26. Kd4 fxe4 27. fxe4
Rf7 28. Rc3 Rde7 29. Rf3 Rxf3 30. gxf3 g5 31. h4 h6 32. Rg1 Kf6 33. hxg5+ hxg5
34. Rh1 Kg7 35. Rc1 Rf7 36. Rc3 Kf6 37. a3 Rh7 38. b4 axb4 39. axb4 Rf7 40. b5
b6 41. Rc6 Kg7 42. e5 dxe5+ 43. Kxe5 Re7+ 44. Kf5 Rd7 45. Ke4 Re7+ 46. Re6 Rf7
47. d6 cxd6 48. Rxd6 Rf4+ 49. Ke3 Rf6 50. Rc6 Kf7 51. Rc7+ 1/2-1/2

[Event "4NCL 2012-13"]
[Site "Sunningdale ENG"]
[Date "2012.11.03"]
[Round "1.138"]
[White "Chevannes, Sabrina L"]
[Black "Lauterbach, Ingrid"]
[Result "1-0"]
[WhiteTitle "WFM"]
[BlackTitle "WIM"]
[WhiteElo "2083"]
[BlackElo "2143"]
[WhiteTeam "Cambridge University"]
[BlackTeam "Barbican 4NCL"]
[WhiteFideId "411280"]
[BlackFideId "405221"]
[EventDate "2012.11.03"]

1. d4 g6 2. e4 d6 3. Nc3 Bg7 4. Be3 a6 5. Bd3 Nd7 6. Qd2 b5 7. a3 Bb7 8. Nf3 c5
9. O-O Ngf6 10. d5 Ng4 11. Bf4 O-O 12. h3 Nge5 13. Nxe5 Nxe5 14. Be2 Qc7 15. Bh6
Bxh6 16. Qxh6 b4 17. Nd1 f6 18. Ne3 Nf7 19. Qh4 a5 20. f4 Ba6 21. Bxa6 Rxa6 22.
Qg4 Kh8 23. Qe2 Raa8 24. a4 g5 25. Qh5 gxf4 26. Rxf4 Ng5 27. Nf5 e6 28. dxe6
Nxe6 29. Rg4 Rg8 30. Rf1 Rxg4 31. Qxg4 Rg8 32. Qd1 d5 33. exd5 Nf4 34. Qf3 Nxg2
35. Kh1 Qe5 36. Nh6 Rg7 37. Qxg2 Qh5 38. Ng4 f5 39. d6 fxg4 40. Rf8+ Rg8 41.
Rxg8+ Kxg8 42. d7 Kf7 43. d8=Q 1-0